000 00540nam a2200193Ia 4500
003 GCL
008 140319s9999 xx 000 0 eng d
040 _aGCL /
_cGCL
082 0 4 _a820.9
_bL C
100 1 _aLADGER, SALLY
245 1 0 _aCUITRAL POLITICS AT THE FIN SIECLE /
_cLADGER, SALLY
700 1 _aMCCRACKEN, SCOTT
260 _a[S.N] :
_bCAMBRIBGE UNIVERSITY PRESS ،
_c1995
300 _a328P
650 0 4 _aENGLISH LITERATURE
650 0 4 _aENGLISH LITERATURE 19TH CENTURY
650 0 4 _aHISTORY AND CRITICISM
942 _2ddc
_cBK
999 _c12073
_d12073